000 00214 a2200097 4500
001 2098
100 _aWilliams, D
245 _aIntroduction to the theory of aircraft
260 _a
_bArnold
_c
090 _c1548
_d1548
942 _aNUST-CAE
_cM
_c6091
999 _c237171
_d237171